00344nam a2200109Ia 4500008004100000041000800041100002300049245007100072260005400143300000800197700002900205250110s9999 xx 000 0 und d aeng aAtnurkar Kanchan.  aDeriving Low Impact Strategies For Eco - Fragile Areas Of Panshet. bBnca M Arch Environment Architecture., Punec2018 a80p aGuide Name: Nawale Rahul